[Event "World Youth Open U18 2016"]
[Site "Khanty-Mansiysk RUS"]
[Date "2016.10.02"]
[Round "10.10"]
[White "Urazayev, Arystanbek"]
[Black "Plenca, Jadranko"]
[Result "0-1"]
[WhiteTitle "CM"]
[BlackTitle "FM"]
[WhiteElo "2377"]
[BlackElo "2396"]
[WhiteFideId "13709810"]
[BlackFideId "14527146"]
[EventDate "2016.09.22"]

1. e4 e5 2. Nf3 Nc6 3. Bc4 Bc5 4. O-O Nf6 5. d4 Bxd4 6. Nxd4 Nxd4 7. f4 d6 8.
fxe5 dxe5 9. Bg5 Qe7 10. Na3 Rg8 11. Kh1 Bd7 12. c3 Ne6 13. Bxf6 gxf6 14. Qf3
Rg6 15. Nc2 O-O-O 16. Rad1 Qc5 17. b3 h5 18. Rd5 Qe7 19. Qe3 Kb8 20. Rfd1 Nf4
21. R5d2 f5 22. exf5 Rxg2 23. Rxg2 Nxg2 24. Kxg2 Bc6+ 25. Bd5 Bxd5+ 26. Kf2 Qf6
27. Nb4 Qxf5+ 28. Ke1 c6 29. c4 Rg8 30. cxd5 Rg4 31. dxc6 Rxb4 32. c7+ Kc8 33.
Rd8+ Kxc7 34. Qc5+ Kxd8 35. Qxb4 b6 36. Qd6+ Qd7 37. Qf6+ Ke8 38. Qh8+ Ke7 39.
Qxh5 Qb5 40. Qg5+ Ke6 41. Qh6+ f6 42. Qh3+ f5 43. Qh6+ Kd5 44. Qh7 Qa5+ 45. Ke2
Qxa2+ 46. Kd3 Qxb3+ 0-1

[Event "World Youth Open U18 2016"]
[Site "Khanty-Mansiysk RUS"]
[Date "2016.10.02"]
[Round "10.11"]
[White "Wu, Christopher"]
[Black "Escalante Ramirez, Brian Sebasti"]
[Result "0-1"]
[WhiteTitle "FM"]
[BlackTitle "FM"]
[WhiteElo "2377"]
[BlackElo "2302"]
[WhiteFideId "2040875"]
[BlackFideId "3819566"]
[EventDate "2016.09.22"]

1. e4 c5 2. Nf3 d6 3. d4 cxd4 4. Nxd4 Nf6 5. Nc3 a6 6. Nb3 g6 7. Be2 Bg7 8. g4
O-O 9. Be3 Nc6 10. g5 Nd7 11. Qd2 b5 12. h4 Bb7 13. h5 Rc8 14. f4 Na5 15. hxg6
hxg6 16. Nd4 Nc5 17. Bd3 e5 18. fxe5 dxe5 19. Nf3 Qd6 20. Bf1 Rfd8 21. Qxd6 Rxd6
22. Bxc5 Rxc5 23. Bd3 Nc6 24. O-O-O Nd4 25. Rhf1 Bf8 26. a4 b4 27. Nd5 Bxd5 28.
exd5 Nxf3 29. Rxf3 Be7 30. Rg1 Rdxd5 31. Bxa6 e4 32. Rb3 Bxg5+ 33. Kb1 Bd2 34.
Bb7 Re5 35. Rg2 e3 36. Re2 f5 37. Rd3 Kg7 38. Rd7+ Kf6 39. Rd6+ Re6 0-1

[Event "World Youth Open U18 2016"]
[Site "Khanty-Mansiysk RUS"]
[Date "2016.10.02"]
[Round "10.12"]
[White "Timerkhanov, Alexander"]
[Black "Erenberg, Ariel"]
[Result "1-0"]
[WhiteTitle "FM"]
[BlackTitle "FM"]
[WhiteElo "2340"]
[BlackElo "2350"]
[WhiteFideId "24177938"]
[BlackFideId "2811634"]
[EventDate "2016.09.22"]

1. d4 Nf6 2. Bg5 e6 3. Nd2 h6 4. Bh4 d6 5. Ngf3 Nbd7 6. e3 Be7 7. Bd3 O-O 8. h3
b6 9. O-O Bb7 10. c4 c5 11. Bg3 d5 12. cxd5 Nxd5 13. a3 Rc8 14. Qe2 cxd4 15.
exd4 N7f6 16. Ne5 Bd6 17. Ndc4 Bb8 18. Rac1 Qe7 19. Rfe1 Rfd8 20. Bb1 Ba8 21.
Qd3 Qb7 22. f3 Ne7 23. Bh4 Nf5 24. Bxf6 gxf6 25. Ng4 Rxd4 26. Nxf6+ Kf8 27. Qe2
Bf4 28. Bxf5 Bxc1 29. Bxe6 Rc5 30. b4 Bg5 31. Nh7+ Kg8 32. bxc5 Kxh7 33. Bf5+
Kg7 34. Nd6 Qd5 35. Be4 Qxc5 36. Nf5+ Kg8 37. Nxd4 Qxd4+ 1-0

[Event "World Youth Open U18 2016"]
[Site "Khanty-Mansiysk RUS"]
[Date "2016.10.02"]
[Round "10.13"]
[White "Huber, Martin Christian"]
[Black "Saiyn, Zhanat"]
[Result "1-0"]
[WhiteTitle "FM"]
[BlackTitle "IM"]
[WhiteElo "2356"]
[BlackElo "2405"]
[WhiteFideId "1623435"]
[BlackFideId "13703820"]
[EventDate "2016.09.22"]

1. d4 Nf6 2. c4 e6 3. Nf3 d5 4. Nc3 Bb4 5. Qa4+ Nc6 6. e3 O-O 7. Bd2 a6 8. a3
Be7 9. Rd1 Ne4 10. Qc2 Nxd2 11. Rxd2 h6 12. Bd3 dxc4 13. Bxc4 Nb8 14. O-O Nd7
15. Ba2 c6 16. e4 b5 17. d5 exd5 18. exd5 c5 19. d6 Bf6 20. Nd5 c4 21. Qe4 Ra7
22. Ne7+ Kh8 23. Bb1 g6 24. Qe3 Kg7 25. Qxa7 Bxe7 26. dxe7 Qxe7 27. Re1 1-0

[Event "World Youth Open U18 2016"]
[Site "Khanty-Mansiysk RUS"]
[Date "2016.10.02"]
[Round "10.14"]
[White "Christiansen, Johan-Sebastian"]
[Black "Meunier, Clement2"]
[Result "1-0"]
[WhiteTitle "IM"]
[BlackTitle "FM"]
[WhiteElo "2413"]
[BlackElo "2290"]
[WhiteFideId "1512668"]
[BlackFideId "20667930"]
[EventDate "2016.09.22"]

1. Nf3 Nf6 2. c4 g6 3. g3 Bg7 4. Bg2 O-O 5. O-O d6 6. Nc3 c5 7. d4 Nc6 8. dxc5
dxc5 9. Be3 Qa5 10. Qc1 Be6 11. Nd2 Nd4 12. Re1 Qa6 13. b3 Rfd8 14. h3 Bd7 15.
Bf4 Bc6 16. e4 b6 17. Nd5 Qb7 18. Be5 Ne8 19. Bxg7 Kxg7 20. Qb2 e6 21. Nf4 Kg8
22. Rad1 Rd7 23. Nf1 Rad8 24. Rd3 Nf6 25. Rde3 Nxe4 26. Rxe4 Bxe4 27. Bxe4 Qc7
28. Bg2 Nf5 29. Ne3 Nxe3 30. Rxe3 Rd1+ 31. Bf1 R8d2 32. Qf6 Qd8 33. Qxd8+ Rxd8
34. Kg2 Ra1 35. a4 Rd2 36. Be2 Rb1 37. h4 h6 38. g4 Kf8 39. Bf3 Rbb2 40. Kg3 Rb1
41. a5 bxa5 42. Bc6 Rbb2 43. Rf3 Ke7 44. Ba4 Rb1 45. Nd3 Kd6 46. Kg2 Rbd1 47.
Nf4 Ra1 48. Re3 Rd4 49. Kf3 Rh1 50. Ne2 Rh3+ 51. Kg2 Rxe3 52. Nxd4 Re4 53. Nb5+
Ke5 54. f3 Re2+ 55. Kg3 g5 56. hxg5 hxg5 57. Nxa7 f5 58. Nc6+ Kf6 59. gxf5 exf5
60. Nxa5 f4+ 61. Kh3 Re3 62. Bc6 1-0

[Event "World Youth Open U18 2016"]
[Site "Khanty-Mansiysk RUS"]
[Date "2016.10.02"]
[Round "10.15"]
[White "Khodashenas, Mersad"]
[Black "Nguyen, Hoang Duc"]
[Result "1-0"]
[WhiteElo "2394"]
[BlackElo "1874"]
[WhiteFideId "12514195"]
[BlackFideId "12403865"]
[EventDate "2016.09.22"]

1. e4 d6 2. d4 Nf6 3. Nc3 g6 4. Be3 a6 5. Qd2 b5 6. f3 Nbd7 7. O-O-O Bb7 8. h4
h5 9. Nh3 Bg7 10. Ng5 O-O 11. g4 c5 12. dxc5 Nxc5 13. e5 b4 14. exf6 bxc3 15.
Qxc3 Bxf6 16. Qa3 Qe8 17. Bxc5 dxc5 18. gxh5 Qb8 19. hxg6 Qf4+ 20. Kb1 Rab8 21.
gxf7+ Rxf7 22. Rg1 Rg7 23. Ne6 Qe5 24. Nxg7 Bxg7 25. Bc4+ Kh8 26. Rg5 Qf4 27.
Rh5+ Bh6 28. Qc3+ Kh7 29. Qd3+ Kh8 30. Qg6 1-0

[Event "World Youth Open U18 2016"]
[Site "Khanty-Mansiysk RUS"]
[Date "2016.10.02"]
[Round "10.16"]
[White "Kandil, Adham"]
[Black "Thybo, Jesper Sondergaard"]
[Result "1-0"]
[WhiteTitle "IM"]
[BlackTitle "FM"]
[WhiteElo "2277"]
[BlackElo "2358"]
[WhiteFideId "10618490"]
[BlackFideId "1438832"]
[EventDate "2016.09.22"]

1. e4 e5 2. Nf3 Nc6 3. Bb5 Nf6 4. O-O Nxe4 5. d4 Nd6 6. Bxc6 dxc6 7. dxe5 Nf5 8.
Qxd8+ Kxd8 9. h3 Bd7 10. Rd1 Kc8 11. Ng5 Be8 12. g4 Nh4 13. f4 Be7 14. Ne4 h5
15. Kf2 hxg4 16. hxg4 Ng6 17. Kg3 b6 18. Be3 Kb7 19. Nbc3 Rd8 20. Rxd8 Bxd8 21.
Rd1 Bh4+ 22. Kf3 Be7 23. Nf2 Bb4 24. Nce4 Be7 25. c4 a5 26. Nc3 Bb4 27. c5 Bxc3
28. bxc3 Nf8 29. f5 Bd7 30. Ne4 b5 31. Ng5 f6 32. e6 Be8 33. Rd8 Ng6 34. fxg6
fxg5 35. Kg2 a4 36. Bd4 Rg8 37. e7 Ka7 38. Bxg7 Rxg7 39. Rxe8 1-0

[Event "World Youth Open U18 2016"]
[Site "Khanty-Mansiysk RUS"]
[Date "2016.10.02"]
[Round "10.17"]
[White "Rajkovic, Mladen"]
[Black "Rajdeep, Sarkar"]
[Result "1/2-1/2"]
[BlackTitle "FM"]
[WhiteElo "2275"]
[BlackElo "2347"]
[WhiteFideId "930660"]
[BlackFideId "25007963"]
[EventDate "2016.09.22"]

1. e4 e5 2. Nf3 Nc6 3. Nc3 Bb4 4. Nd5 Ba5 5. c3 Nf6 6. b4 Bb6 7. a4 a6 8. d4 d6
9. Bg5 h6 10. Nxf6+ gxf6 11. Bh4 exd4 12. Nxd4 Nxd4 13. cxd4 Qe7 14. Bd3 Rg8 15.
O-O Rg4 16. Bg3 Bxd4 17. Bb5+ axb5 18. Qxd4 Rxe4 19. Qd2 Rxa4 20. Rae1 Ra2 21.
Qc1 Rae2 22. Rxe2 Rxe2 23. Qxh6 Bf5 24. h4 Re1 25. h5 Rxf1+ 26. Kxf1 Qe4 27. Qe3
Qxe3 28. fxe3 1/2-1/2

[Event "World Youth Open U18 2016"]
[Site "Khanty-Mansiysk RUS"]
[Date "2016.10.02"]
[Round "10.18"]
[White "Bayramov, Zaur"]
[Black "Kolver, Chris"]
[Result "1-0"]
[BlackTitle "CM"]
[WhiteElo "2297"]
[BlackElo "1991"]
[WhiteFideId "13405080"]
[BlackFideId "14307820"]
[EventDate "2016.09.22"]

1. Nf3 c5 2. g3 Nc6 3. Bg2 g6 4. c4 Bg7 5. Nc3 e6 6. d3 Nge7 7. Bd2 O-O 8. a3 d5
9. cxd5 Nxd5 10. Rc1 b6 11. b4 Bxc3 12. Bxc3 cxb4 13. Bd2 Bb7 14. axb4 Ncxb4 15.
h4 h5 16. O-O a5 17. Bh6 Re8 18. Qd2 e5 19. Qb2 f6 20. Rfd1 Kh7 21. Bd2 Qe7 22.
Be1 Rac8 23. Rxc8 Rxc8 24. e4 Nc7 25. d4 exd4 26. Qxd4 Bxe4 27. Bxb4 axb4 28.
Re1 f5 29. Ng5+ Kh6 30. Nxe4 fxe4 31. Rxe4 Qc5 32. Qd2+ g5 33. hxg5+ Qxg5 34.
Qd4 Qg6 35. Qxb4 Rd8 36. Qe1 Qg5 37. Qc3 Rd7 38. Qc6+ 1-0

[Event "World Youth Open U18 2016"]
[Site "Khanty-Mansiysk RUS"]
[Date "2016.10.02"]
[Round "10.19"]
[White "Vaishali, R"]
[Black "Georgiev, Todor"]
[Result "1/2-1/2"]
[WhiteTitle "WIM"]
[WhiteElo "2295"]
[BlackElo "2197"]
[WhiteFideId "5091756"]
[BlackFideId "2916088"]
[EventDate "2016.09.22"]

1. Nf3 g6 2. g3 Bg7 3. Bg2 e5 4. d3 Ne7 5. c4 O-O 6. Nc3 d6 7. O-O c5 8. a3 Nbc6
9. Rb1 a5 10. Bg5 f6 11. Bd2 Be6 12. Qc1 Qd7 13. Nb5 a4 14. b3 axb3 15. Rxb3 d5
16. cxd5 Nxd5 17. Rb1 Rfc8 18. e3 Bf8 19. Rd1 Qf7 20. Qb2 c4 21. dxc4 Nb6 22.
Nd6 Bxd6 23. Qxb6 Bxc4 24. Bc3 Bxa3 25. Qxb7 Qxb7 26. Rxb7 Ra7 27. Rdd7 Rxb7 28.
Rxb7 Nd8 29. Ra7 Bc5 30. Ra1 Nf7 1/2-1/2

[Event "World Youth Open U18 2016"]
[Site "Khanty-Mansiysk RUS"]
[Date "2016.10.02"]
[Round "10.20"]
[White "Yang, Ching Wei Austin"]
[Black "Krishna Teja, N"]
[Result "0-1"]
[WhiteTitle "FM"]
[BlackTitle "IM"]
[WhiteElo "1997"]
[BlackElo "2268"]
[WhiteFideId "16300440"]
[BlackFideId "5001498"]
[EventDate "2016.09.22"]

1. e4 c5 2. Nf3 e6 3. d4 cxd4 4. Nxd4 a6 5. Bd3 Bc5 6. Nb3 Ba7 7. Qg4 Nf6 8. Qg3
d6 9. Nc3 Nc6 10. Bg5 h6 11. Qh4 Ne5 12. Be2 Ng6 13. Bxf6 Nxh4 14. Bxd8 Kxd8 15.
g3 Ng6 16. f4 Ne7 17. O-O-O Kc7 18. a4 Bd7 19. Rd3 Bc6 20. Rhd1 g5 21. f5 exf5
22. exf5 Rad8 23. g4 h5 24. h3 hxg4 25. hxg4 Ng8 26. Nd4 Nf6 27. Nxc6 bxc6 28.
a5 Rh2 29. Rg3 Bf2 30. Rf3 Nxg4 31. Bxa6 Ne5 0-1

[Event "World Youth Open U18 2016"]
[Site "Khanty-Mansiysk RUS"]
[Date "2016.10.02"]
[Round "10.21"]
[White "Vergara Jofre, Felipe"]
[Black "Gretz, Denis"]
[Result "0-1"]
[WhiteElo "2115"]
[BlackElo "2339"]
[WhiteFideId "3416291"]
[BlackFideId "12945188"]
[EventDate "2016.09.22"]

1. e4 c5 2. Nf3 d6 3. d4 cxd4 4. Nxd4 Nf6 5. Nc3 a6 6. a4 e5 7. Nf3 Be7 8. Bg5
Nbd7 9. a5 b5 10. axb6 Qxb6 11. Ra2 Bb7 12. Nd2 d5 13. exd5 Nxd5 14. Nc4 Qe6 15.
Ne4 f6 16. Bd2 N5b6 17. Nxb6 Nxb6 18. Nc3 Rd8 19. Qh5+ g6 20. Qh6 Bf8 21. Qh4
Rd4 22. Qg3 Bb4 23. Ra1 O-O 24. Be2 f5 25. Bh6 f4 26. Qg5 Rf5 27. Bg4 Bxc3+ 28.
Kf1 Qd5 29. Bf3 Qb5+ 30. Be2 Qxb2 31. Bc4+ Nxc4 0-1

[Event "World Youth Open U18 2016"]
[Site "Khanty-Mansiysk RUS"]
[Date "2016.10.02"]
[Round "10.22"]
[White "Patrascu, Catalin-Lucian"]
[Black "Sukovic, Andrej"]
[Result "1-0"]
[WhiteTitle "FM"]
[WhiteElo "2263"]
[BlackElo "2114"]
[WhiteFideId "1229052"]
[BlackFideId "16502310"]
[EventDate "2016.09.22"]

1. e4 c5 2. Nf3 d6 3. Bb5+ Nd7 4. d4 cxd4 5. Qxd4 e5 6. Qd3 h6 7. O-O Nf6 8. c4
Be7 9. Nc3 O-O 10. Bxd7 Bxd7 11. b3 Bc6 12. Rd1 Qc8 13. h3 Qe6 14. Nd2 Bd8 15.
Nf1 Bb6 16. Be3 Ba5 17. Nd5 Bxd5 18. cxd5 Qd7 19. Ng3 Rfc8 20. Rac1 Bb6 21. Nf5
Bxe3 22. Qxe3 Kh7 23. Qf3 Ne8 24. Qg4 Rxc1 25. Rxc1 Rc8 26. Rxc8 Qxc8 27. Ne7
Qc1+ 28. Kh2 g6 29. Qc8 Qf4+ 30. Kg1 Nf6 31. g3 Qd2 32. Qf8 Qe1+ 33. Kg2 Qxe4+
34. Kh2 Ng4+ 35. hxg4 h5 36. g5 1-0

[Event "World Youth Open U18 2016"]
[Site "Khanty-Mansiysk RUS"]
[Date "2016.10.02"]
[Round "10.23"]
[White "Akhvlediani, Irakli"]
[Black "Oner, Oguz"]
[Result "1-0"]
[WhiteElo "2205"]
[BlackElo "1962"]
[WhiteFideId "13601938"]
[BlackFideId "6329330"]
[EventDate "2016.09.22"]

1. d4 d5 2. c4 e6 3. Nc3 Be7 4. cxd5 exd5 5. Bf4 c6 6. e3 Bf5 7. g4 Be6 8. h4
Bxh4 9. Qb3 g5 10. Be5 f6 11. Bh2 Bxg4 12. Be2 Qe7 13. Bxg4 Qxe3+ 14. Nge2 Bxf2+
15. Kf1 Bh4 16. Bg1 Qe7 17. Rxh4 gxh4 18. Re1 h5 19. Nf4 hxg4 20. Qxb7 Qxe1+ 21.
Kxe1 Ne7 22. Qxa8 Kf7 23. Kf1 Re8 24. Qb7 c5 25. Ncxd5 1-0

[Event "World Youth Open U18 2016"]
[Site "Khanty-Mansiysk RUS"]
[Date "2016.10.02"]
[Round "10.24"]
[White "Ding, Tze How Dilwen"]
[Black "Helander, Benjamin"]
[Result "1/2-1/2"]
[WhiteTitle "FM"]
[WhiteElo "2397"]
[BlackElo "1892"]
[WhiteFideId "5707641"]
[BlackFideId "514101"]
[EventDate "2016.09.22"]

1. d4 Nf6 2. Nf3 g6 3. c4 Bg7 4. g3 O-O 5. Bg2 d6 6. O-O Nbd7 7. Qc2 e5 8. Rd1
exd4 9. Nxd4 a6 10. Nc3 Re8 11. h3 h6 12. Bf4 Rb8 13. Rac1 Nh5 14. Qd2 Nxf4 15.
Qxf4 Nc5 16. b4 Ne6 17. Nxe6 Bxe6 18. c5 g5 19. Qf3 Qe7 20. cxd6 cxd6 21. Nd5
Bxd5 22. Qxd5 Qxe2 23. Rc7 Qe6 24. Qxe6 fxe6 25. Bxb7 d5 26. Rb1 Bf8 27. a3 a5
28. bxa5 Re7 29. Rxe7 Bxe7 30. Rb5 Bf6 31. Kf1 Kf8 32. Ke2 Bd4 33. a6 Ke7 34. a4
Kd6 35. a5 Kc7 36. Rb1 Rf8 37. f3 Re8 38. Rc1+ Kb8 39. g4 Be5 40. Rc6 Bc7 1/2-1/2

[Event "World Youth Open U18 2016"]
[Site "Khanty-Mansiysk RUS"]
[Date "2016.10.02"]
[Round "10.25"]
[White "Krykun, Yuriy"]
[Black "Barp, Alberto"]
[Result "1-0"]
[WhiteTitle "FM"]
[BlackTitle "FM"]
[WhiteElo "2242"]
[BlackElo "2244"]
[WhiteFideId "14140667"]
[BlackFideId "872555"]
[EventDate "2016.09.22"]

1. e4 c6 2. d4 d5 3. Nd2 dxe4 4. Nxe4 Bf5 5. Nc5 b6 6. Nb3 e6 7. Nf3 Be7 8. g3
Nd7 9. Bg2 Ngf6 10. O-O O-O 11. c4 Rc8 12. Qe2 a6 13. h3 h6 14. Nbd2 b5 15. b3
Nb6 16. Rd1 bxc4 17. Nxc4 Nbd5 18. Bd2 Nb4 19. Bxb4 Bxb4 20. a3 Be7 21. b4 Be4
22. Nfe5 Bxg2 23. Kxg2 Rc7 24. Na5 Qa8 25. Qf3 Bd6 26. Nd3 Rd8 27. Rac1 Bf8 28.
Ne5 Nd5 29. Rxc6 Rdc8 30. Rdc1 Qa7 31. Rxc7 Rxc7 32. Rxc7 Qxc7 33. Nec4 g6 34.
Ne3 Nxe3+ 35. Qxe3 Bg7 36. Nb3 Qc4 37. Qf3 Qc2 38. d5 exd5 39. Qxd5 Qa2 40. Qa8+
Kh7 41. Nc5 a5 42. Qf3 axb4 43. axb4 Bf8 44. Nd3 Qb3 45. b5 Bg7 46. b6 Qxb6 47.
Qxf7 1-0

[Event "World Youth Open U18 2016"]
[Site "Khanty-Mansiysk RUS"]
[Date "2016.10.02"]
[Round "10.26"]
[White "Petrovskis, Olegs"]
[Black "Sadubayev, Airat"]
[Result "1-0"]
[WhiteElo "2159"]
[BlackElo "2231"]
[WhiteFideId "11603186"]
[BlackFideId "13713264"]
[EventDate "2016.09.22"]

1. c4 Nf6 2. Nc3 e5 3. g3 d5 4. cxd5 Nxd5 5. Bg2 Nb6 6. Nf3 Nc6 7. O-O Be7 8. d3
O-O 9. Bd2 Re8 10. Rc1 Bf8 11. Na4 Be6 12. a3 h6 13. Nc5 Bxc5 14. Rxc5 Bd5 15.
e4 Be6 16. Be3 Nd7 17. Rc3 Bg4 18. Qc2 Nf8 19. Rc1 Ne6 20. Rxc6 bxc6 21. Nxe5
Nd4 22. Bxd4 Qxd4 23. Nxg4 Red8 24. Ne3 Rab8 25. b4 Qxd3 26. Qxc6 Qxa3 27. Nd5
a5 28. bxa5 Qxa5 29. Qxc7 Qa3 30. Qf4 Qb2 31. Rc7 Qa1+ 32. Bf1 Rf8 33. Rxf7 Rxf7
34. Qxb8+ 1-0

[Event "World Youth Open U18 2016"]
[Site "Khanty-Mansiysk RUS"]
[Date "2016.10.02"]
[Round "10.27"]
[White "Kenenbaev, Aidar"]
[Black "Gong, Patrick"]
[Result "1/2-1/2"]
[WhiteElo "2143"]
[BlackElo "2143"]
[WhiteFideId "13801180"]
[BlackFideId "3222500"]
[EventDate "2016.09.22"]

1. Nf3 d6 2. g3 e5 3. d3 f5 4. Bg2 Nf6 5. O-O Be7 6. c4 O-O 7. Nc3 a5 8. a3 c6
9. Qc2 Qe8 10. Bd2 Qh5 11. b4 Na6 12. Rab1 axb4 13. Na4 e4 14. Nd4 c5 15. Nb6
cxd4 16. Nxa8 b3 17. Qxb3 Nc5 18. Qd1 Ng4 19. h3 Ne5 20. Nb6 Be6 21. Nd5 Bxd5
22. cxd5 Qf7 23. Bb4 Qxd5 24. Bxc5 dxc5 25. Qb3 Qxb3 26. Rxb3 Rb8 27. dxe4 b5
28. f4 c4 29. Rbb1 Nc6 30. exf5 Na5 1/2-1/2

[Event "World Youth Open U18 2016"]
[Site "Khanty-Mansiysk RUS"]
[Date "2016.10.02"]
[Round "10.28"]
[White "Ramacker, Quinten"]
[Black "Yoshida, Haruki"]
[Result "1/2-1/2"]
[WhiteElo "1947"]
[BlackElo "1750"]
[WhiteFideId "210404"]
[BlackFideId "7002076"]
[EventDate "2016.09.22"]

1. e4 e6 2. d4 d5 3. Nc3 Bb4 4. e5 c5 5. a3 Bxc3+ 6. bxc3 Qa5 7. Bd2 Qa4 8. Nf3
b6 9. Bd3 Ba6 10. O-O Nc6 11. Be3 Bxd3 12. Qxd3 c4 13. Qe2 Nge7 14. Nh4 h6 15.
f4 g6 16. g4 O-O-O 17. f5 gxf5 18. gxf5 Rdg8+ 19. Kh1 h5 20. Qf2 Kd7 21. Ra2 Qb5
22. Bd2 Rg4 23. h3 Rgg8 24. a4 Qa6 25. Raa1 Qc8 26. Rg1 Qf8 27. Raf1 Qd8 28. Bc1
Qf8 29. Ba3 Qh6 30. Bc1 Qh7 31. Bg5 Ke8 32. Qf3 Kd7 33. Rg2 Ke8 34. Qf4 Nxf5 35.
Nxf5 Qxf5 36. Qxf5 exf5 37. Rxf5 Rg6 38. Rgf2 Rh7 39. h4 Re6 40. Bf6 Ne7 41. Rg5
a6 42. Bxe7 Kxe7 43. Rg8 a5 44. Rb8 Rg6 1/2-1/2

[Event "World Youth Open U18 2016"]
[Site "Khanty-Mansiysk RUS"]
[Date "2016.10.02"]
[Round "10.29"]
[White "Weerasinghe, C C"]
[Black "Roos, Lucas"]
[Result "1/2-1/2"]
[WhiteElo "1884"]
[BlackElo "1830"]
[WhiteFideId "9921087"]
[BlackFideId "14308673"]
[EventDate "2016.09.22"]

1. d4 Nf6 2. Nf3 e6 3. Bg5 Be7 4. Nbd2 O-O 5. e3 c5 6. c3 b6 7. Bd3 Bb7 8. Qe2
d6 9. e4 cxd4 10. cxd4 Nbd7 11. O-O e5 12. d5 Nxd5 13. Bxe7 Nxe7 14. Nc4 Nc5 15.
Rad1 Ng6 16. Bb1 Ba6 17. b4 Na4 18. Qc2 Bxc4 19. Qxc4 Nb2 20. Qd5 Nxd1 21. Rxd1
Rc8 22. g3 Qf6 23. Kg2 Rfd8 24. Bd3 Rc3 25. Be2 h6 26. a4 Ne7 27. Qb7 Rc2 28.
Bd3 Rb2 29. b5 g5 30. h3 h5 31. Rd2 Rxd2 32. Nxd2 Nc8 33. Bc4 h4 34. Nf3 hxg3
35. fxg3 Kg7 36. h4 gxh4 37. gxh4 Kh7 38. Ng5+ Kg6 1/2-1/2

[Event "World Youth Open U18 2016"]
[Site "Khanty-Mansiysk RUS"]
[Date "2016.10.02"]
[Round "10.30"]
[White "Shih, Yu-An"]
[Black "Maltezeanu, Stefan"]
[Result "1/2-1/2"]
[WhiteElo "1493"]
[BlackElo "1734"]
[WhiteFideId "16300645"]
[BlackFideId "4004655"]
[EventDate "2016.09.22"]

1. e4 e5 2. Nf3 Nc6 3. Bc4 Bc5 4. c3 Nf6 5. d3 d6 6. O-O O-O 7. b4 Bb6 8. Qb3 h6
9. a4 a6 10. Nbd2 Qe7 11. h3 Be6 12. Re1 Rad8 13. Nf1 Bxc4 14. Qxc4 Qe6 15. Qa2
Qxa2 16. Rxa2 Rfe8 17. Be3 Bxe3 18. Nxe3 Kf8 19. Rae2 b5 20. axb5 axb5 21. Ra2
Ra8 22. Rea1 Rxa2 23. Rxa2 g6 24. Kf1 Rd8 25. Ra6 Nb8 26. Ra5 c6 27. c4 bxc4 28.
Nxc4 Ke7 1/2-1/2

[Event "World Youth Open U18 2016"]
[Site "Khanty-Mansiysk RUS"]
[Date "2016.10.02"]
[Round "10.32"]
[White "Noguchi, Takaya"]
[Black "Holtman, Teodor"]
[Result "0-1"]
[WhiteElo "1491"]
[BlackElo "2201"]
[WhiteFideId "7002270"]
[BlackFideId "14933721"]
[EventDate "2016.09.22"]

1. e4 d5 2. exd5 Nf6 3. d4 Bg4 4. Bb5+ Nbd7 5. f3 Bf5 6. c4 e6 7. dxe6 fxe6 8.
Ne2 c6 9. Ba4 Qb6 10. Nbc3 O-O-O 11. Bc2 Ne5 12. Bxf5 exf5 13. b3 Bc5 14. Be3
Rhe8 15. Qc2 Bxd4 16. Qxf5+ Ned7 17. Bxd4 Qxd4 18. Kf1 Rxe2 19. Nxe2 Qxa1+ 20.
Kf2 Qxh1 0-1

[Event "World Youth Open U18 2016"]
[Site "Khanty-Mansiysk RUS"]
[Date "2016.10.03"]
[Round "11.1"]
[White "Rakotomaharo, Fy Antenaina"]
[Black "Petrosyan, Manuel"]
[Result "0-1"]
[WhiteTitle "FM"]
[BlackTitle "IM"]
[WhiteElo "2439"]
[BlackElo "2530"]
[WhiteFideId "13100050"]
[BlackFideId "13300857"]
[EventDate "2016.09.22"]

1. d4 Nf6 2. Nc3 d5 3. Bf4 Bf5 4. e3 e6 5. Bd3 Bxd3 6. Qxd3 a6 7. O-O-O c5 8.
dxc5 Nbd7 9. Bg5 Be7 10. Nf3 O-O 11. Nd2 Nxc5 12. Qd4 Qc7 13. Bf4 Qc6 14. f3
Rac8 15. Nb3 b5 16. Nxc5 Bxc5 17. Qd3 Nd7 18. Kb1 Rfd8 19. Ne2 e5 20. Bg3 Bf8
21. Nc1 Nc5 22. Qe2 f6 23. Be1 Na4 24. Ba5 Rd7 25. c3 Nc5 26. Nd3 Nb7 27. Bb4 a5
28. Bxf8 Rxf8 29. Rd2 Nd6 30. b3 Qb6 31. Nb2 Nf5 32. Re1 Rfd8 33. g4 Ne7 34.
Red1 Qc6 35. Qd3 a4 36. Qc2 Rc8 37. bxa4 Rb7 38. e4 d4 39. cxd4 bxa4 40. Qxc6
Nxc6 41. d5 Nd4 42. a3 Nxf3 43. Rc2 Rxc2 44. Kxc2 Nd4+ 45. Kc1 Rc7+ 46. Kb1 Nb5
47. Rd3 Nc3+ 48. Ka1 Nxe4 49. Nxa4 Kf7 50. Nb6 Rb7 51. Nc4 Ke7 52. Ka2 Rb5 53.
Ne3 Nc5 54. Nf5+ Kd7 55. Rh3 Na4 56. Rb3 Rxd5 57. Rb7+ Kc6 58. Ra7 Rd2+ 59. Kb3
Nc5+ 60. Kc4 Rc2+ 61. Kb4 g6 62. Ne7+ Kd6 63. Nc8+ Kd5 64. Nb6+ Kd4 65. Rxh7 e4
66. Nd7 Nd3+ 67. Kb5 e3 68. Nxf6 e2 69. Rd7+ Ke5 70. g5 e1=Q 71. Re7+ Kd6 72.
Rxe1 Nxe1 73. h4 Rg2 74. a4 Nf3 75. a5 Nxh4 76. a6 Rb2+ 77. Ka5 Kc6 0-1

[Event "World Youth Open U18 2016"]
[Site "Khanty-Mansiysk RUS"]
[Date "2016.10.03"]
[Round "11.2"]
[White "Bellahcene, Bilel"]
[Black "Vavulin, Maksim"]
[Result "1/2-1/2"]
[WhiteTitle "IM"]
[BlackTitle "IM"]
[WhiteElo "2483"]
[BlackElo "2582"]
[WhiteFideId "696358"]
[BlackFideId "4169530"]
[EventDate "2016.09.22"]

1. d4 g6 2. c4 Bg7 3. Nc3 d6 4. Nf3 Nc6 5. d5 Ne5 6. Nxe5 Bxe5 7. e4 Nf6 8. Bd3
O-O 9. f4 Bd4 10. Bc2 Bb6 11. Qf3 e6 12. Be3 c6 13. dxc6 bxc6 14. O-O-O Bxe3+
15. Qxe3 e5 16. c5 d5 17. exd5 exf4 18. Qxf4 Nxd5 19. Nxd5 cxd5 20. h4 h5 21.
Rhf1 Bg4 22. Rd4 Rc8 23. b4 a5 24. a3 axb4 25. axb4 Ra8 26. Qf6 Ra1+ 27. Kb2
Rxf1 28. Qxf1 Qxh4 29. b5 Qe7 30. Rxd5 Be2 31. Qe1 Qf6+ 32. Qc3 Qxc3+ 33. Kxc3
Bxb5 34. Rd6 Rc8 35. Kb4 Bc6 36. g3 Kf8 37. Ka5 Ke7 38. Kb6 Bf3 39. Rd3 Rb8+ 40.
Kc7 Rb7+ 41. Kc8 Bh1 42. Re3+ Kf6 43. Rc3 Rb2 44. c6 Ke7 45. Kc7 Bd5 46. Re3+
Be6 47. Be4 Rb5 48. Bf3 f5 49. Be2 Rb4 50. Ba6 Kf6 51. Kd6 Rd4+ 52. Kc5 Rd5+ 53.
Kb6 Rd6 1/2-1/2